Statystyki dla 30 najludniejszych państw świata

Kliknij tutaj aby rozwiązać quiz!

Ogólne statystyki

  • Ten quiz został rozwiązany 4 397 razy
  • Średni wynik to 22 z 30

Statystyki odpowiedzi

Lp.NazwaLiczba ludności (2017 r.)Kontynent% Poprawnych
1.Chiny1 379 302 771Azja
99%
3.Stany Zjednoczone326 625 791Ameryka Północna
98%
9.Rosja142 257 519Azja, Europa
97%
5.Brazylia207 353 391Ameryka Południowa
95%
2.Indie1 281 935 911Azja
95%
19.Niemcy80 594 017Europa
92%
21.Francja67 106 161Europa
91%
10.Japonia126 451 398Azja
89%
28.Hiszpania48 958 159Europa
87%
11.Meksyk124 574 795Ameryka Północna
86%
14.Egipt97 041 072Afryka
82%
18.Turcja80 845 215Azja, Europa
82%
4.Indonezja260 580 739Azja, Oceania
81%
22.Wielka Brytania64 769 452Europa
81%
25.Republika Południowej Afryki54 841 552Afryka
79%
23.Włochy62 137 802Europa
79%
7.Nigeria190 632 261Afryka
75%
17.Iran82 021 564Azja
68%
6.Pakistan204 924 861Azja
68%
27.Korea Południowa51 181 299Azja
67%
29.Kolumbia47 698 524Ameryka Południowa
64%
15.Wietnam96 160 163Azja
60%
8.Bangladesz157 826 578Azja
58%
20.Tajlandia68 414 135Azja
58%
12.Etiopia105 350 020Afryka
55%
13.Filipiny104 256 076Azja
50%
30.Kenia47 615 739Afryka
47%
16.Demokratyczna Republika Konga83 301 151Afryka
44%
24.Mjanma55 123 814Azja
37%
26.Tanzania53 950 935Afryka
35%

Rozkład punktacji

Percentyl według liczby udzielonych odpowiedzi

Procent ludzi z każdym wynikiem

Twoja historia wyników

Nie rozwiązałeś tego quizu